000 00389nam a2200169Ia 4500
005 20250425162708.0
008 250425s9999 xx 000 0 und d
041 _aeng
082 _a003
245 0 _aSYGRAPH
250 _aS.E
260 _aEstados Unidos
_bSYSTAT
_c1987
260 _aNEW YORK
650 _aPROGRAMACION DE SISTEMAS (INFORMATICA)
942 _c01
010 _a97220
999 _c234521
_d234521